Healthy dairy-free eating / (Record no. 300676)
[ view plain ]
| 000 -LEADER | |
|---|---|
| fixed length control field | 00618nam a2200229Ia 4500 |
| 008 - FIXED-LENGTH DATA ELEMENTS--GENERAL INFORMATION | |
| fixed length control field | 160819s9999 xx 000 0 und d |
| 020 ## - INTERNATIONAL STANDARD BOOK NUMBER | |
| International Standard Book Number | 978-1-85626-622-2 |
| 050 ## - LIBRARY OF CONGRESS CALL NUMBER | |
| Classification number | CUL RM 237.7 |
| 050 ## - LIBRARY OF CONGRESS CALL NUMBER | |
| Item number | .C37 2005 |
| 100 ## - MAIN ENTRY--PERSONAL NAME | |
| Personal name | Carr, Tanya. |
| 245 ## - TITLE STATEMENT | |
| Title | Healthy dairy-free eating / |
| 245 ## - TITLE STATEMENT | |
| Statement of responsibility, etc | Tanya Carr, Mini C; photography by Martin Brigdale. |
| 260 ## - PUBLICATION, DISTRIBUTION, ETC. (IMPRINT) | |
| Place of publication, distribution, etc | London : |
| 260 ## - PUBLICATION, DISTRIBUTION, ETC. (IMPRINT) | |
| Name of publisher, distributor, etc | Kyle Cathie Limited, |
| 260 ## - PUBLICATION, DISTRIBUTION, ETC. (IMPRINT) | |
| Date of publication, distribution, etc | 2005 |
| 300 ## - PHYSICAL DESCRIPTION | |
| Extent | 144 pages : |
| 300 ## - PHYSICAL DESCRIPTION | |
| Other physical details | color illustrations ; |
| 300 ## - PHYSICAL DESCRIPTION | |
| Dimensions | 22 cm. |
| 500 ## - GENERAL NOTE | |
| General note | Includes index. |
| 650 ## - SUBJECT ADDED ENTRY--TOPICAL TERM | |
| Topical term or geographic name as entry element | Dairy-free diet -- Recipes. |
| 650 ## - SUBJECT ADDED ENTRY--TOPICAL TERM | |
| General subdivision | Low-fat diet. |
| Withdrawn status | Lost status | Damaged status | Home library | Current library | Shelving location | Date acquired | Cost, normal purchase price | Total Checkouts | Full call number | Barcode | Date last seen | Price effective from | Koha item type |
|---|---|---|---|---|---|---|---|---|---|---|---|---|---|
| South Mansfield College | South Mansfield College | 01/09/2008 | 1464.00 | CUL RM 237.7 .C37 2005 | SMC03840 | 08/19/2016 | 08/19/2016 |